[Event "ROM-ch U12 Boys"]
[Site "Voineasa"]
[Date "2008.04.15"]
[Round "5"]
[White "Delgado, Adrian Vlaic"]
[Black "Balacianu, Alexandru George"]
[Result "1-0"]
[WhiteElo "746"]
[BlackElo "1708"]
[PlyCount "49"]
[EventDate "2008.04.08"]
[EventType "swiss"]
[EventRounds "9"]
[EventCountry "ROU"]
[SourceTitle "EXT 2013"]
[Source "ChessBase"]
[SourceDate "2012.11.22"]
[SourceVersion "1"]
[SourceVersionDate "2012.11.22"]
[SourceQuality "1"]

1. e4 e5 2. Nf3 Nc6 3. Bc4 Bc5 4. c3 Nf6 5. d3 a6 6. a4 h6 7. Be3 Bxe3 8. fxe3 d6 9. Nbd2 0-0 10. 0-0 d5 11. exd5 Nxd5 12. Qe2 Bg4 13. d4 exd4 14. exd4 Re8 15. Qf2 Qd7 16. Nh4 Re7 17. Nb3 b6 18. Nd2 Na5 19. Ba2 Re2 20. Qxf7+ Qxf7 21. Rxf7 Be6 22. Rf2 Re3 23. Nf5 Bxf5 24. Bxd5+ Be6 25. Bxa8 1-0